Managerial Accounting and Analysis in Multinational Enterprises

Saved in:
Bibliographic Details
Other Authors: Holzer, Peter H., Schoenfeld, Hanns-Martin W.
Format: Book
Language:English
Published: Berlin Gruyter 1986
Edition:1. ed.
Tags: Add Tag
No Tags, Be the first to tag this record!

MARC

LEADER 00000nam a2200000 4500
001 c035368
005 20221207072223.4
041 0 |a eng 
044 |a DE 
245 1 0 |a Managerial Accounting and Analysis in Multinational Enterprises  |c Edit. Peter H. Holzer, Hanns-Martin W. Schoenfeld 
250 |a 1. ed. 
264 1 |a Berlin  |b Gruyter  |c 1986 
300 |a 270 s. 
700 1 |a Holzer, Peter H. 
700 1 |a Schoenfeld, Hanns-Martin W.